000
00241nam a22000857a 4500
008
160827b xxu||||| |||| 00| 0 eng d
100
_9
246
_a
Sally V.K
245
_a
Learning Elementary Science
260
_a
New Delhi
_b
Goyal Brothers publication
_c
2008
999
_c
2902
_d
2902